[Event "Défi"]
[Site "www.echecsemail.com"]
[Date "2026.01.22"]
[Round "1"]
[White "Mc2108"]
[Black "Malvina"]
[WhiteElo "1330"]
[BlackElo "1270"]
[Result "1-0"]
1.e4 e5
2.Ng1f3 d5
3.Bf1d3 d4
4.Nf3xe5 Qd8e7
5.Ne5f3 Nb8c6
6.O-O Bc8g4
7.c3 Ng8f6
8.cxd4 O-O-O
9.Bd3e2 Bg4h5
10.d3 Nc6xd4
11.Nf3xd4 Rd8xd4
12.Be2xh5 g6
13.Bh5f3 Kb8
14.Bc1e3 Rd4d6
15.Qd1a4 a6
16.Nb1c3 Qe7e6
17.d4 Bf8g7
18.e5 Rd6b6
19.d5 Qe6xe5
20.Be3xb6 cxb6
21.Ra1d1 Rh8d8
22.h3 h6
23.Rd1e1 Qe5g5
24.Re1e7 Rd8f8
25.d6 Qg5d2
26.Re7xb7 Kc8
27.Qa4c6 Kd8
28.Qc6c7 Ke8
29.Rb7b8 1-0

[Event "Coupe Niveau 4"]
[Site "www.echecsemail.com"]
[Date "2026.01.22"]
[Round "1"]
[White "Jmarcboury"]
[Black "Teaspoon"]
[WhiteElo "2190"]
[BlackElo "1990"]
[Result "1-0"]
1.d4 Ng8f6
2.c4 c5
3.d5 e6
4.Nb1c3 exd5
5.cxd5 d6
6.e4 g6
7.h3 Bf8g7
8.Ng1f3 O-O
9.Bf1d3 a6
10.a4 Qd8c7
11.O-O c4
12.Bd3c2 Nb8d7
13.Bc1e3 Rf8e8
14.Qd1e2 Ra8b8
15.Rf1e1 b5
16.axb5 axb5
17.Ra1a7 Rb8b7
18.Nc3xb5 Qc7b8
19.Ra7xb7 Bc8xb7
20.Nb5c3 Bb7a6
21.Re1b1 Re8c8
22.Bc2a4 Nd7b6
23.Ba4c6 Ba6b7
24.Bc6xb7 Qb8xb7
25.b4 Nf6d7
26.Qe2d2 Nd7e5
27.Nf3xe5 Bg7xe5
28.f4 Be5g7
29.Be3d4 Bg7xd4
30.Qd2xd4 Qb7a6
31.b5 Qa6b7
32.e5 dxe5
33.fxe5 Qb7c7
34.d6 Qc7c5
35.Qd4xc5 Rc8xc5
36.Rb1d1 Nb6d7
37.Rd1a1 Rc5c8
38.Ra1a7 Nd7xe5
39.Ra7c7 Rc8d8
40.b6 Rd8xd6
41.b7 Rd6b6
42.Rc7c8 Kg7
43.b8Q Rb6xb8
44.Rc8xb8 Kf6
45.Kf2 Kf5
46.Ke3 f6
47.Rb8b7 h5
48.Nc3e4 { abandon }1-0

[Event "Tournoi n27307"]
[Site "www.echecsemail.com"]
[Date "2026.01.22"]
[Round "1"]
[White "Mousquetaire"]
[Black "Gonzok67"]
[WhiteElo "2000"]
[BlackElo "1840"]
[Result "1-0"]
1.d4 Ng8f6
2.Bc1f4 d6
3.Ng1f3 Nf6d5
4.Bf4g3 g6
5.e4 Nd5b6
6.Nb1c3 Bf8g7
7.Bf1e2 O-O
8.O-O Bc8g4
9.h3 Bg4h5
10.Qd1d3 e6
11.Ra1d1 Nb8d7
12.e5 d5
13.Bg3h4 f6
14.exf6 Nd7xf6
15.Rf1e1 Nb6c4
16.Rd1b1 Bh5xf3
17.Be2xf3 Qd8e8
18.Qd3e2 Qe8d7
19.Qe2xe6 Qd7xe6
20.Re1xe6 c6
21.Nc3e2 Nc4d2
22.Rb1e1 Nd2xf3
23.gxf3 Nf6h5
24.Kg2 Nh5f4
25.Ne2xf4 Rf8xf4
26.Re6e8 Ra8xe8
27.Re1xe8 Kf7
28.Re8e7 Kf8
29.Bh4g3 Kxe7
30.Bg3xf4 Bg7xd4
31.b3 Kf6
32.Bf4e3 Ke5
33.Kg3 a6
34.Kg4 Bd4xe3
35.fxe3 Kf6
36.c3 h6
37.h4 c5
38.Kf4 Ke6
39.a3 b5
40.Kg4 Ke5
41.h5 g5
42.f4 gxf4
43.exf4 Kf6
44.b4 c4
45.Kf3 Kf5
46.Ke3 Ke6
47.Kd4 Kf5
48.Kxd5 Kxf4
49.Kc5 Kg5
50.Kb6 Kxh5
51.Kxa6 Kg4
52.Kxb5 h5
53.Kxc4 h4
54.b5 h3
55.b6 h2
56.b7 h1Q
57.b8Q Qh1e4
58.Kc5 Qe4e7
59.Kc6 Qe7f6
60.Kd7 Qf6g7
61.Kd6 Qg7f6
62.Kd5 Qf6f3
63.Kc4 Qf3e4
64.Kc5 Qe4e3
65.Kb4 Qe3e7
66.Ka4 Qe7d7
67.Qb8b5 Qd7a7
68.Kb3 Qa7f7
69.Qb5c4 Qf7xc4
70.Kxc4 Kf5
71.Kc5 { abandon }1-0

[Event "Eq:les modestes-Vikings :"]
[Site "www.echecsemail.com"]
[Date "2026.01.22"]
[Round "1"]
[White "Ngeorget"]
[Black "Escargot08"]
[WhiteElo "2780"]
[BlackElo "2830"]
[Result "1/2-1/2"]
1.d4 Ng8f6
2.c4 e6
3.g3 d5
4.Bf1g2 Bf8b4
5.Nb1d2 O-O
6.Ng1f3 dxc4
7.Qd1c2 c5
8.O-O Bb4xd2
9.Qc2xd2 cxd4
10.Rf1d1 d3
11.b3 cxb3
12.axb3 Nb8c6
13.Bc1b2 Rf8e8
{ nul }1/2-1/2

[Event "Eq:Avalon-O fou d hello :"]
[Site "www.echecsemail.com"]
[Date "2026.01.22"]
[Round "1"]
[White "Flo71"]
[Black "Biquet"]
[WhiteElo "2050"]
[BlackElo "1880"]
[Result "1-0"]
1.e4 c6
2.d4 d5
3.e5 Bc8f5
4.c4 e6
5.Ng1f3 Bf5e4
6.Nb1c3 Bf8b4
7.a3 Bb4a5
8.b4 Ba5b6
9.c5 Bb6c7
10.Nc3xe4 dxe4
11.Nf3g1 f5
12.Bf1c4 Qd8e7
13.Ng1e2 b5
14.Bc4b3 a5
15.Bc1b2 a4
16.Bb3a2 Qe7g5
17.O-O Ke7
18.Bb2c1 Qg5g6
19.Ne2f4 Qg6f7
20.Nf4xe6 Qf7g6
21.Ne6xc7 Ra8a7
22.Nc7e6 Nb8d7
23.Bc1b2 Ng8h6
24.d5 cxd5
25.Qd1xd5 Nh6f7
26.Ne6f4 Qg6a6
27.Qd5xf7 Kd8
28.Ra1d1 Rh8e8
29.Rd1d6 Qa6b7
30.c6 Re8e7
31.Qf7f8 Re7e8
32.Nf4e6 { abandon }1-0

[Event "Défi"]
[Site "www.echecsemail.com"]
[Date "2026.01.22"]
[Round "1"]
[White "Arno"]
[Black "Fredbauduret"]
[WhiteElo "1780"]
[BlackElo "1960"]
[Result "0-1"]
1.d4 Ng8f6
2.Bc1f4 g6
3.Nb1c3 Bf8g7
4.Qd1d2 O-O
5.Bf4h6 Rf8e8
6.Bh6xg7 Kxg7
7.h3 d5
8.O-O-O Nb8d7
9.Ng1f3 c5
10.Nf3e5 cxd4
11.Qd2xd4 Qd8b6
12.Ne5xd7 Bc8xd7
13.Qd4xb6 axb6
14.a3 e6
15.e3 Bd7c6
16.Nc3b5 Nf6e4
17.Nb5c7 Ne4xf2
18.Nc7xe8 Ra8xe8
19.Bf1d3 Nf2xh1
20.Rd1xh1 f5
21.Rh1g1 e5
22.g4 f4
23.exf4 exf4
24.Kd2 g5
25.b4 b5
26.c3 h6
27.Bd3f5 Kf6
28.Kc2 Re8e3
{ abandon }0-1

[Event "Défi"]
[Site "www.echecsemail.com"]
[Date "2026.01.22"]
[Round "1"]
[White "Arno"]
[Black "Verson"]
[WhiteElo "1780"]
[BlackElo "1860"]
[Result "0-1"]
1.d4 d5
2.Bc1f4 e6
3.e3 Ng8f6
4.Ng1f3 Bf8d6
5.Bf4g3 O-O
6.Bf1d3 Nb8d7
7.O-O Rf8e8
8.Nf3e5 c5
9.c3 Qd8c7
10.Ne5xd7 Bc8xd7
11.Nb1d2 Ra8c8
12.Bg3xd6 Qc7xd6
13.Ra1c1 e5
14.dxe5 Qd6xe5
15.Nd2f3 Qe5h5
16.Bd3e2 Bd7c6
17.Nf3d4 Qh5e5
18.Nd4xc6 bxc6
19.Rf1e1 c4
20.Qd1d4 Qe5xd4
21.exd4 Re8e7
22.Be2f3 Rc8e8
23.Kf1 Re7xe1
24.Rc1xe1 Re8b8
25.Re1e2 Rb8e8
26.Re2xe8 Nf6xe8
27.Bf3g4 Ne8f6
28.Bg4h3 Kf8
29.f3 Ke7
30.Ke2 Nf6d7
31.Bh3xd7 Kxd7
32.g4 Kd6
33.h4 c5
34.dxc5 Kxc5
35.Ke3 f6
36.f4 g6
37.a3 f5
38.g5 a6
39.Kd2 d4
40.cxd4 Kxd4
41.a4 a5
42.Kc2 Ke4
43.Kc3 Kxf4
44.Kxc4 Ke3
45.b4 f4
46.b5 f3
47.b6 f2
48.b7 f1Q
49.Kc3 Qf1d3
50.Kb2 Qd3d8
{ abandon }0-1

[Event "Eq:Vikings-modesty :"]
[Site "www.echecsemail.com"]
[Date "2026.01.22"]
[Round "1"]
[White "Letyjo"]
[Black "Ngeorget"]
[WhiteElo "2750"]
[BlackElo "2800"]
[Result "1/2-1/2"]
1.e4 e5
2.f4 exf4
3.Ng1f3 d6
4.Bf1c4 h6
5.h4 Ng8f6
6.Nb1c3 Nb8c6
7.d4 Nf6h5
8.Nc3d5 Bc8e6
9.Qd1d3 g5
10.hxg5 hxg5
11.Bc1d2 g4
12.Nf3g5 Bf8g7
13.Ng5xe6 fxe6
14.Nd5xf4 Nh5xf4
15.Rh1xh8 Bg7xh8
16.Bd2xf4 Bh8xd4
17.Bc4xe6 Qd8h4
18.Qd3g3 Qh4xg3
19.Bf4xg3 Bd4xb2
20.Ra1b1 Bb2c3
21.Kf2 Bc3d4
22.Ke2 Ke7
23.Be6d5 Kd7
24.Rb1f1 Ra8e8
25.Kd3 Bd4e5
26.Rf1f7 Kd8
27.Bg3h4 Kc8
28.Bd5xc6 bxc6
29.Bh4f6 Be5xf6
30.Rf7xf6 Kb7
31.Rf6g6 Re8e5
32.Rg6xg4 Re5a5
33.Rg4h4 Ra5a3
34.c3 Ra3xa2
35.g4 a5
36.e5 dxe5
37.Rh4h5 Kb6
38.Rh5xe5 c5
39.g5 Ra2g2
40.c4 a4
41.Kc3 a3
42.Kb3 a2
43.Re5e1 Ka5
44.Re1a1 Rg2g3
45.Kxa2 Kb4
46.Ra1b1 Kxc4
47.Rb1b7 c6
48.Rb7b6 Kd5
49.Rb6b3 { nul }1/2-1/2

[Event "Tournoi n27388"]
[Site "www.echecsemail.com"]
[Date "2026.01.22"]
[Round "1"]
[White "Carrighir"]
[Black "Zax"]
[WhiteElo "2110"]
[BlackElo "2280"]
[Result "1-0"]
1.e4 d5
2.d4 dxe4
3.Nb1c3 Bc8f5
4.f3 Ng8f6
5.Bc1g5 Nb8d7
6.Bf1c4 e6
7.fxe4 Bf5g4
8.Ng1f3 Bf8e7
9.O-O O-O
10.e5 Nf6d5
11.Bg5xe7 Nd5xe7
12.Qd1e2 Nd7b6
13.Ra1d1 c6
14.Bc4b3 Nb6d5
15.Nc3e4 b5
16.h3 Bg4h5
17.c3 a5
18.Bb3c2 Qd8b6
19.g4 Bh5g6
20.h4 Bg6xe4
21.Qe2xe4 a4
22.Qe4xh7 1-0

[Event "Tournoi n27335"]
[Site "www.echecsemail.com"]
[Date "2026.01.22"]
[Round "1"]
[White "Orosco"]
[Black "Breitenbach"]
[WhiteElo "2270"]
[BlackElo "2250"]
[Result "1-0"]
1.e4 c6
2.d4 d5
3.exd5 cxd5
4.Bf1d3 Nb8c6
5.c3 Qd8c7
6.h3 Ng8f6
7.Ng1f3 g6
8.O-O Bf8g7
9.Nb1a3 O-O
10.Na3b5 Qc7d8
11.Bc1f4 a6
12.Nb5a3 Bc8f5
13.Bd3xf5 gxf5
14.Nf3e5 e6
15.Na3c2 Nc6xe5
16.dxe5 Nf6e4
17.f3 Ne4c5
18.Qd1d2 Ra8c8
19.Nc2d4 Qd8c7
20.Ra1e1 Kh8
21.g4 Rf8g8
22.Kh1 fxg4
23.hxg4 Bg7f8
24.Kg2 Nc5d7
25.Rf1h1 Rg8g7
26.Rh1h5 Bf8e7
27.Re1h1 Kg8
28.Qd2e1 b5
29.a3 Qc7c4
30.Qe1d2 a5
31.Bf4e3 b4
32.cxb4 axb4
33.b3 Qc4c7
34.Be3h6 Rg7g6
35.axb4 Qc7b6
36.Bh6g5 Be7xg5
37.Rh5xg5 Nd7f8
38.Rg5h5 Rc8c7
39.b5 f5
40.g5 Qb6a7
41.f4 Qa7c5
42.Rh1a1 Rc7a7
43.Ra1a4 Rg6g7
44.Rh5h6 Rg7g6
45.Rh6h1 Ra7c7
46.Ra4a6 Rg6g7
47.Ra6c6 Rc7xc6
48.bxc6 Rg7c7
49.b4 Qc5b6
50.b5 Rc7c8
51.Rh1a1 Qb6c5
52.Kg3 Rc8b8
53.Ra1c1 Qc5a7
54.c7 Rb8c8
55.Qd2b4 Nf8d7
56.Rc1c6 { abandon }1-0

[Event "XERTIGNY  VOSGES"]
[Site "www.echecsemail.com"]
[Date "2026.01.22"]
[Round "1"]
[White "Petitlulu64"]
[Black "Rachess"]
[WhiteElo "1760"]
[BlackElo "1560"]
[Result "1-0"]
1.e4 e5
2.Ng1f3 Ng8f6
3.Bf1c4 d5
4.exd5 Nf6xd5
5.O-O Nb8c6
6.Nb1c3 Nd5b6
7.Bc4e2 Bf8c5
8.d3 O-O
9.Bc1g5 f6
10.Bg5h4 Nc6d4
11.Nf3xe5 Nd4xe2
12.Qd1xe2 Qd8d4
13.Ne5f3 Qd4g4
14.h3 Qg4h5
15.Bh4g3 Bc8xh3
16.gxh3 Qh5xh3
17.d4 Rf8e8
18.Qe2d1 Ra8d8
19.Nc3e2 Re8xe2
20.Qd1xe2 Bc5xd4
21.Nf3xd4 Rd8xd4
22.Qe2e8 1-0

[Event "Tournoi n27285"]
[Site "www.echecsemail.com"]
[Date "2026.01.22"]
[Round "1"]
[White "Picasso"]
[Black "Sorim"]
[WhiteElo "2070"]
[BlackElo "2010"]
[Result "1-0"]
1.e4 e5
2.Nb1c3 d6
3.g3 f5
4.d3 Ng8f6
5.Bf1g2 Bf8e7
6.exf5 Nb8c6
7.g4 h5
8.f3 Nc6d4
9.Ng1e2 hxg4
10.fxg4 Nf6xg4
11.Ne2xd4 Be7h4
12.Kf1 exd4
13.Qd1xg4 dxc3
14.Qg4g6 Kf8
15.bxc3 Qd8e7
16.Bc1d2 Qe7f6
17.Qg6xf6 gxf6
18.Ra1b1 Ra8b8
19.Bg2e4 b6
20.Bd2f4 Bc8d7
21.Ke2 Ke7
22.Rh1g1 Rb8g8
23.d4 Bd7e8
24.Bf4e3 Be8h5
25.Kd3 Rg8g4
26.Rg1xg4 Bh5xg4
27.d5 Rh8h5
28.Rb1f1 Bh4g5
29.Be3xg5 Rh5xg5
30.Kc4 { abandon }1-0

[Event "Tournoi n27339"]
[Site "www.echecsemail.com"]
[Date "2026.01.22"]
[Round "1"]
[White "Verson"]
[Black "Hinnol"]
[WhiteElo "1900"]
[BlackElo "1960"]
[Result "0-1"]
1.d4 d5
2.Ng1f3 Ng8f6
3.e3 e6
4.Bf1d3 c5
5.c3 b6
6.Nb1d2 Bc8a6
7.Bd3xa6 Nb8xa6
8.Qd1c2 Na6c7
9.O-O Bf8d6
10.e4 dxe4
11.Nd2xe4 Nf6xe4
12.Qc2xe4 cxd4
13.Nf3xd4 O-O
14.Nd4f3 Nc7d5
15.Bc1g5 Nd5f6
16.Qe4h4 Bd6e7
17.Ra1d1 Qd8c7
18.Qh4f4 Qc7xf4
19.Bg5xf4 Nf6d5
20.Bf4g3 f6
21.c4 Nd5b4
22.a3 Nb4c6
23.b3 Be7xa3
24.Bg3d6 Ba3xd6
25.Rd1xd6 Nc6a5
26.Nf3d2 e5
27.b4 Na5b7
28.Rd6d7 Rf8f7
29.Rd7xf7 Kxf7
30.Rf1d1 Ra8d8
31.Kf1 Rd8d4
32.Ke2 Ke7
33.Rd1c1 a5
34.bxa5 Nb7xa5
35.Ke3 Rd4xd2
36.Kxd2 Na5b3
37.Kc2 Nb3xc1
38.Kxc1 Kd6
39.Kc2 Kc5
40.Kc3 f5
41.f3 e4
42.fxe4 fxe4
43.g4 e3
44.Kd3 e2
45.Kxe2 Kxc4
46.Kd2 Kb3
47.Kc1 b5
48.Kb1 b4
49.h4 g6
50.g5 Kc3
51.Kc1 b3
52.Kb1 b2
{ abandon }0-1

[Event "Défi"]
[Site "www.echecsemail.com"]
[Date "2026.01.22"]
[Round "1"]
[White "Speedyfil"]
[Black "Voyageur"]
[WhiteElo "1430"]
[BlackElo "1650"]
[Result "0-1"]
1.d4 g6
2.Nb1c3 b6
3.Bc1f4 Bc8b7
4.e4 d6
5.Bf1b5 Nb8d7
6.d5 Bf8g7
7.Ng1f3 Ng8f6
8.O-O O-O
9.h3 Ra8c8
10.Bb5d3 Nd7c5
11.b4 Nc5xd3
12.cxd3 c6
13.Ra1b1 cxd5
14.a4 dxe4
15.Nc3xe4 Bb7xe4
16.dxe4 Nf6xe4
17.Qd1d3 Ne4c3
18.Nf3g5 Nc3xb1
19.Qd3xb1 e5
20.Bf4e3 Qd8e7
21.Rf1e1 Bg7h6
22.f4 Bh6xg5
23.fxg5 Rc8c3
24.Be3d2 Rc3c4
25.Kh2 Rf8c8
26.h4 Qe7e6
27.g3 Rc4c2
28.Re1e2 Qe6g4
29.Re2f2 Qg4d4
30.Qb1f1 Rc2xd2
31.Rf2xd2 Qd4xd2
32.Kh3 Qd2xb4
33.Qf1f6 Qb4xa4
34.Qf6xd6 Qa4d4
35.Qd6e7 Rc8a8
36.Qe7b7 Qd4d8
37.Kh2 Qd8c8
38.Qb7e7 Qc8e8
39.Qe7f6 b5
40.Qf6f3 a5
41.h5 b4
42.hxg6 hxg6
43.Qf3g4 Kg7
44.Qg4f3 a4
{ abandon }0-1

[Event "Coupe Niveau 5"]
[Site "www.echecsemail.com"]
[Date "2026.01.22"]
[Round "1"]
[White "Carrighir"]
[Black "Alain64"]
[WhiteElo "2120"]
[BlackElo "2070"]
[Result "1-0"]
1.e4 e6
2.d4 d5
3.e5 c5
4.c3 Nb8c6
5.Ng1f3 Bc8d7
6.Bf1e2 Ng8e7
7.O-O cxd4
8.cxd4 Ne7f5
9.Nb1c3 Bf8b4
10.a3 Bb4xc3
11.bxc3 h5
12.Ra1b1 b6
13.Nf3g5 g6
14.Rf1e1 Nc6a5
15.a4 Qd8c7
16.Bc1a3 Na5c4
17.Qd1b3 Qc7c6
18.Be2xc4 dxc4
19.Qb3b4 Qc6xa4
20.Ng5e4 Qa4xb4
21.Ne4f6 Kd8
22.Ba3xb4 Bd7c6
23.Rb1b2 Nf5e7
24.Re1a1 Ne7d5
25.Nf6xd5 exd5
26.Bb4d6 Kd7
27.f4 f6
28.Rb2f2 a5
29.f5 g5
30.Bd6a3 Ra8e8
31.e6 Kc7
32.Rf2e2 b5
33.Ba3c5 Re8a8
34.e7 Bc6d7
35.Re2f2 a4
36.Rf2b2 Ra8b8
37.Bc5b4 Rh8h6
38.Bb4a5 Kd6
39.Ba5b4 Kc6
40.Rb2e2 Rb8e8
41.Re2f2 g4
42.Ra1e1 Rh6h7
43.Bb4a3 Rh7g7
44.g3 Rg7g5
45.Kg2 Bd7xf5
46.Ba3c1 Bf5e4
47.Re1xe4 dxe4
48.Rf2xf6 Kd7
49.Bc1xg5 Re8xe7
50.Rf6b6 Re7e6
51.Rb6xb5 Re6a6
52.Rb5b2 Ke6
53.Kf2 Kf5
54.Bg5e7 e3
55.Ke2 Ke4
56.Be7g5 a3
57.Rb2a2 Ra6b6
58.Ra2xa3 Rb6b2
59.Kf1 Kf3
60.Ra3a1 Rb2xh2
61.Kg1 Rh2g2
62.Kh1 e2
63.d5 Rg2xg3
64.d6 Kf2
65.Bg5h4 Kf3
66.Bh4xg3 Kxg3
67.d7 Kf2
68.d8Q e1Q
69.Ra1xe1 { abandon }1-0

[Event "Tournoi n27285"]
[Site "www.echecsemail.com"]
[Date "2026.01.22"]
[Round "1"]
[White "Sorim"]
[Black "Geantvert"]
[WhiteElo "2010"]
[BlackElo "1880"]
[Result "0-1"]
1.d4 d5
2.c4 dxc4
3.e3 Ng8f6
4.Bf1xc4 e6
5.Ng1f3 Bf8d6
6.O-O O-O
7.Nb1c3 a6
8.a4 Nb8c6
9.Bc1d2 Nc6a7
10.Ra1b1 c6
11.b4 b5
12.axb5 cxb5
13.Bc4a2 Bc8b7
14.Rb1b2 Na7c6
15.Ba2b1 Bd6xb4
16.Qd1c2 Bb4e7
17.Nf3g5 g6
18.Rf1c1 Nf6d5
19.Ng5e4 Nc6b4
20.Qc2b3 Nd5xc3
21.Bd2xc3 Nb4d5
22.Bc3d2 Qd8d7
23.Ne4c5 Qd7c6
24.Nc5xb7 Qc6xb7
25.Bb1e4 Ra8d8
26.Be4f3 Qb7d7
27.Bd2a5 Rd8c8
28.Rb2c2 Rc8xc2
29.Rc1xc2 Be7d8
30.Rc2a2 Bd8xa5
31.Ra2xa5 Qd7c6
32.h3 Rf8a8
33.Qb3a2 Qc6c1
34.Kh2 Qc1c7
35.g3 Nd5c3
36.Qa2a1 Ra8a7
37.Ra5xa6 Ra7xa6
38.Qa1xa6 b4
39.Qa6a8 Kg7
40.Qa8a1 Qc7c4
{ abandon }0-1

[Event "Défi( 10J+24H/c 10J Max )"]
[Site "www.echecsemail.com"]
[Date "2026.01.22"]
[Round "1"]
[White "Geantvert"]
[Black "Titit1"]
[WhiteElo "1840"]
[BlackElo "1460"]
[Result "1-0"]
1.c4 Nb8c6
2.Nb1c3 Ng8f6
3.d4 e6
4.e4 Bf8b4
5.f3 O-O
6.Qd1d3 d6
7.a3 Bb4a5
8.b4 Ba5b6
9.c5 dxc5
10.dxc5 Bb6xc5
11.bxc5 Qd8e7
12.Bc1e3 Rf8d8
13.Qd3c2 Bc8d7
14.Bf1d3 Nc6e5
15.Kf2 Bd7c6
16.Ra1d1 a6
17.Ng1e2 Rd8d7
18.Nc3a2 Ra8d8
19.Ne2c1 Bc6b5
20.Bd3xb5 Rd7xd1
21.Rh1xd1 c6
22.Rd1xd8 Qe7xd8
23.Bb5e2 h6
24.Nc1d3 Ne5g6
25.Qc2b3 Qd8c7
26.g3 Nf6d7
27.Nd3f4 Ng6e5
28.Qb3c3 g5
29.Nf4d3 Ne5g6
30.a4 Ng6e5
31.Be3d4 f6
32.Na2c1 Ne5xd3
33.Nc1xd3 Kf7
34.f4 gxf4
35.gxf4 e5
36.fxe5 f5
37.exf5 Nd7f8
38.Be2h5 Ke7
39.Qc3c4 Nf8d7
40.Qc4f7 Kd8
41.Qf7e8 1-0

[Event "Tournoi n27390"]
[Site "www.echecsemail.com"]
[Date "2026.01.22"]
[Round "1"]
[White "Bonamur"]
[Black "Tartu"]
[WhiteElo "1770"]
[BlackElo "1720"]
[Result "0-1"]
1.d4 d5
2.Ng1f3 Ng8f6
3.c4 e6
4.Nb1c3 c5
5.cxd5 cxd4
6.Nf3xd4 exd5
7.e3 Bf8e7
8.Bf1d3 O-O
9.O-O Nb8c6
10.Nc3e2 Bc8d7
11.b3 Ra8c8
12.Bc1b2 Nc6xd4
13.Ne2xd4 Be7c5
14.Ra1c1 Bc5b6
15.Qd1d2 h6
16.f3 Rf8e8
17.Rc1xc8 Qd8xc8
18.Rf1c1 Qc8b8
19.Nd4b5 Bb6xe3
{ abandon }0-1

[Event "Memorial Lara CIII"]
[Site "www.echecsemail.com"]
[Date "2026.01.22"]
[Round "1"]
[White "Leredoutable"]
[Black "Intrigue"]
[WhiteElo "1760"]
[BlackElo "1760"]
[Result "1-0"]
1.e4 e5
2.f4 exf4
3.Ng1f3 Bf8e7
4.Bf1c4 d6
5.O-O Ng8f6
6.d3 O-O
7.Bc1xf4 Nb8c6
8.Nb1c3 a6
9.a3 b5
10.Bc4a2 Bc8b7
11.d4 Rf8e8
12.d5 Nc6a5
13.e5 dxe5
14.Nf3xe5 Be7d6
15.Qd1e2 h6
16.Ra1e1 Na5c4
17.Ba2xc4 bxc4
18.Qe2xc4 Ra8c8
19.Qc4d3 Nf6xd5
20.Nc3xd5 Bd6c5
21.Nd5e3 Qd8xd3
22.cxd3 f6
23.Ne5d7 Bc5d4
24.b4 g5
25.Nd7xf6 Kg7
26.Nf6xe8 Rc8xe8
27.Bf4xc7 Re8xe3
28.Re1xe3 Bd4xe3
29.Kh1 Bb7c6
30.Bc7e5 Kg8
31.Rf1f6 Bc6b5
32.d4 Be3c1
33.Rf6xh6 Bc1xa3
34.Rh6g6 Kf8
35.Rg6xg5 Ba3xb4
36.d5 a5
37.d6 a4
38.Be5g7 Kf7
39.d7 Bb5xd7
40.Bg7d4 a3
41.h4 a2
42.h5 Bb4e7
43.Rg5g7 Kf8
44.h6 Bd7f5
45.h7 Bf5xh7
46.Rg7xh7 Be7b4
47.g4 { abandon }1-0

[Event "Eq:les modestes-Pirates du Mat :"]
[Site "www.echecsemail.com"]
[Date "2026.01.22"]
[Round "1"]
[White "Roka"]
[Black "Fred"]
[WhiteElo "2140"]
[BlackElo "2780"]
[Result "0-1"]
1.e4 c5
2.Ng1f3 d6
3.g3 Nb8c6
4.Bf1g2 Ng8f6
5.d3 g6
6.O-O Bf8g7
7.c3 O-O
8.h3 e5
9.Nb1d2 b5
10.a3 Ra8b8
11.Qd1e2 h6
12.Rf1d1 a5
13.Nd2f1 a4
14.Bc1d2 Bc8e6
15.Bd2e3 Qd8d7
16.Kh2 Rf8c8
17.Ra1c1 Qd7a7
18.Nf1d2 Qa7b6
19.Nf3h4 d5
20.exd5 Nf6xd5
21.Nd2e4 Nd5xe3
22.Qe2xe3 g5
23.Nh4f3 f5
24.Ne4d2 Rc8f8
25.Qe3e2 Qb6c7
26.Nd2f1 Rb8e8
27.Nf3d2 Kh8
28.Kg1 Re8d8
29.Nd2f3 Be6b3
30.Rd1d2 c4
31.dxc4 Bb3xc4
32.Qe2e1 e4
33.Rd2xd8 Rf8xd8
34.Nf3d2 Nc6e5
35.Rc1b1 Ne5d3
36.Qe1d1 Nd3xf2
37.Kxf2 Qc7c5
38.Ke1 Bc4d3
39.Rb1c1 Qc5g1
40.h4 Qg1xg2
41.Qd1h5 g4
{ abandon }0-1

[Event "Turnier"]
[Site "www.echecsemail.com"]
[Date "2026.01.22"]
[Round "1"]
[White "Titit1"]
[Black "Dameroi"]
[WhiteElo "1460"]
[BlackElo "1820"]
[Result "0-1"]
1.e4 e5
2.Ng1f3 Nb8c6
3.d4 exd4
4.Nf3xd4 Nc6xd4
5.Qd1xd4 Qd8f6
6.Qd4c4 c6
7.Nb1c3 d6
8.Bf1d3 Bc8e6
9.Qc4a4 Ng8e7
10.O-O Ne7g6
11.f4 Be6d7
12.Qa4b3 Ra8b8
13.f5 Ng6e5
14.Bd3e2 Bf8e7
15.Bc1e3 b6
16.Ra1d1 O-O
17.Nc3b1 Rf8d8
18.c3 Qf6h4
19.Be3f2 Qh4f6
20.Nb1d2 Bd7c8
21.Qb3a3 Rb8b7
22.Be2a6 Rb7c7
23.Ba6e2 d5
24.Be2f3 Ne5xf3
25.Nd2xf3 Be7xa3
26.bxa3 dxe4
27.Nf3d4 h6
28.Rf1e1 Rc7e7
29.Re1e3 Bc8b7
30.Kf1 c5
31.Nd4c2 Rd8xd1
32.Ke2 Re7d7
33.g4 Rd7d2
0-1

[Event "Tournoi n27365"]
[Site "www.echecsemail.com"]
[Date "2026.01.22"]
[Round "1"]
[White "Carlsen10"]
[Black "Intrigue"]
[WhiteElo "1770"]
[BlackElo "1720"]
[Result "1-0"]
1.d4 Ng8f6
2.c4 d5
3.e3 g6
4.Ng1f3 Bf8g7
5.Nb1c3 O-O
6.Bf1d3 c6
7.h3 Nb8d7
8.O-O dxc4
9.Bd3xc4 b5
10.Bc4d3 e6
11.Bc1d2 Bc8b7
12.Qd1c2 Ra8c8
13.Ra1c1 a6
14.a3 Nd7b6
15.b3 a5
16.Nc3e4 Nf6xe4
17.Bd3xe4 Qd8e8
18.Be4d3 f5
19.Bd2xa5 Nb6d5
20.Ba5d2 Rf8f7
21.a4 bxa4
22.bxa4 h6
23.a5 Rc8a8
24.Rc1a1 Rf7c7
25.Rf1b1 Bb7a6
26.Bd3xa6 Ra8xa6
27.Nf3e1 Qe8a8
28.Rb1b3 c5
29.Bd2c3 cxd4
30.exd4 Rc7xc3
31.Rb3xc3 Nd5xc3
32.Qc2xc3 Qa8a7
33.Ra1a4 h5
34.Ne1d3 Qa7d7
35.Nd3c5 Qd7c6
36.Qc3d3 Ra6a8
37.a6 Bg7f8
38.Qd3c4 Bf8xc5
39.dxc5 Kf7
40.a7 Ke7
41.Ra4a6 Qc6b7
42.c6 Qb7c7
43.Qc4c5 Kf6
44.Qc5b5 Ra8xa7
45.Ra6xa7 Qc7xa7
46.g3 Qa7c7
47.Qb5b7 Qc7d6
48.c7 Qd6d1
49.Kg2 Qd1c1
50.c8Q { abandon }1-0

[Event "Tournoi n27272"]
[Site "www.echecsemail.com"]
[Date "2026.01.22"]
[Round "1"]
[White "Raf"]
[Black "Kichmat"]
[WhiteElo "1950"]
[BlackElo "1990"]
[Result "0-1"]
1.e4 c5
2.e5 e6
3.Ng1f3 d6
4.c3 dxe5
5.Nf3xe5 Nb8d7
6.Ne5f3 Ng8f6
7.Bf1e2 Bf8e7
8.O-O O-O
9.d4 a6
10.Bc1e3 b5
11.Nf3e5 Nd7xe5
12.dxe5 Qd8xd1
13.Rf1xd1 Nf6d7
14.Be2f3 Ra8b8
15.Be3f4 Rf8d8
16.Nb1a3 Bc8b7
17.Bf3g4 Nd7b6
18.Bf4g3 Rd8xd1
19.Ra1xd1 Rb8d8
20.Rd1xd8 Be7xd8
21.f4 Nb6a4
22.c4 b4
23.b3 Na4c3
24.Na3c2 Nc3xa2
25.Nc2e3 a5
26.Bg3e1 Na2c1
27.Bg4d1 Nc1d3
28.Be1g3 Nd3c1
29.Kf1 Nc1a2
30.Bg3e1 Bb7e4
31.g3 f6
32.Bd1c2 Be4xc2
33.Ne3xc2 fxe5
34.fxe5 Na2c1
35.Nc2a1 Nc1d3
36.Ke2 Nd3xe5
37.Be1d2 Bd8f6
38.Bd2f4 Ne5g6
{ abandon }0-1

[Event "Défi( 10J+24H/c 10J Max )"]
[Site "www.echecsemail.com"]
[Date "2026.01.22"]
[Round "1"]
[White "Titit1"]
[Black "Tiounet"]
[WhiteElo "1460"]
[BlackElo "1600"]
[Result "0-1"]
1.d4 b5
2.e4 Bc8b7
3.Qd1f3 a6
4.Bf1d3 Ng8f6
5.Ng1e2 g6
6.O-O Bf8g7
7.c3 O-O
8.Bc1f4 d6
9.Qf3h3 Rf8e8
10.Bf4h6 Bg7h8
11.Ne2f4 Nf6xe4
12.Rf1e1 Ne4f6
13.Qh3g3 Nb8d7
14.Nb1d2 Ra8c8
15.h4 c5
16.h5 Nf6d5
17.Nf4xd5 Bb7xd5
18.hxg6 fxg6
19.Qg3g5 Nd7f6
20.Re1e2 cxd4
21.Ra1e1 Qd8d7
22.Bd3xg6 Qd7g4
23.Qg5xg4 Nf6xg4
24.Bg6xe8 Ng4xh6
25.Be8d7 Rc8d8
26.Bd7e6 Bd5xe6
27.Re2xe6 Bh8f6
28.Nd2f3 dxc3
29.bxc3 Rd8c8
30.Nf3d4 Rc8xc3
31.Nd4f3 Rc3c2
32.Nf3h4 Bf6xh4
33.Re6xh6 Bh4f6
34.Re1f1 Rc2xa2
35.Rf1c1 Kg7
36.Rh6h3 Bf6d4
37.Rc1c7 Bd4f6
38.Rh3g3 Kf7
39.Kf1 a5
40.Ke1 b4
41.Kd1 Ra2xf2
42.Ke1 Rf2a2
43.Kf1 a4
44.Rc7b7 b3
45.Rg3f3 b2
46.Kg1 Ra2a1
47.Kh2 b1Q
48.Rb7xb1 Ra1xb1
49.Kg3 Rb1a1
50.Rf3f4 Ke6
51.Kg4 a3
52.g3 Bf6b2
53.Kh5 Ra1g1
54.Kg4 a2
55.Rf4f2 a1Q
56.Rf2e2 Kd7
57.Kf3 Qa1d1
58.Kf2 Rg1g2
59.Kf3 Qd1xe2
60.Kf4 Bb2e5
61.Kf5 Qe2f3
62.Kg5 Rg2xg3
63.Kh4 Qf3g4
0-1

[Event "Défi"]
[Site "www.echecsemail.com"]
[Date "2026.01.22"]
[Round "1"]
[White "Roquefort"]
[Black "Tunnellavage"]
[WhiteElo "1850"]
[BlackElo "1720"]
[Result "1-0"]
1.e4 e5
2.f4 Nb8c6
3.Ng1f3 d6
4.Bf1e2 exf4
5.O-O g5
6.d3 Bf8g7
7.c3 Ng8e7
8.Nf3xg5 { abandon }1-0

[Event "Transval 2"]
[Site "www.echecsemail.com"]
[Date "2026.01.22"]
[Round "1"]
[White "Woluwe1975"]
[Black "Titit1"]
[WhiteElo "1630"]
[BlackElo "1450"]
[Result "1/2-1/2"]
1.e4 Ng8f6
2.Nb1c3 d5
3.d4 Nb8c6
4.e5 Nf6g4
5.f4 Bc8f5
6.a3 e6
7.Ng1f3 h5
8.h3 Ng4h6
9.Bf1b5 Qd8d7
10.Bb5a4 O-O-O
11.Bc1e3 a6
12.Ba4b3 b5
13.Nc3e2 a5
14.O-O a4
15.Bb3a2 g6
16.Kf2 b4
17.c3 b3
18.Ba2b1 Bf5xb1
19.Qd1xb1 Nh6f5
20.Be3d2 Nc6a5
21.Bd2c1 Qd7b5
22.Rf1h1 Na5c4
23.g4 hxg4
24.Nf3g5 Rd8d7
25.Ne2g3 Nf5xg3
26.Kxg3 Nc4b6
27.h4 Qb5e2
28.Rh1h2 Qe2e1
29.Kg2 Nb6c4
30.Rh2h1 Nc4e3
31.Bc1xe3 Qe1xe3
32.Qb1e1 Qe3d3
33.Qe1d1 Qd3a6
34.Ra1c1 Bf8h6
35.Qd1xg4 Qa6d3
36.Rh1d1 Qd3c4
37.Rd1h1 Qc4d3
38.Rh1d1 Qd3a6
39.Rd1h1 c6
40.Rh1e1 Bh6f8
41.Re1h1 { nul }1/2-1/2

[Event "Eq:fouschess-Les enfants de l Atlantide :"]
[Site "www.echecsemail.com"]
[Date "2026.01.22"]
[Round "1"]
[White "Tizi"]
[Black "Capitaine"]
[WhiteElo "1740"]
[BlackElo "2390"]
[Result "0-1"]
1.e4 c5
2.Ng1f3 Nb8c6
3.d4 cxd4
4.Nf3xd4 e5
5.Nd4b5 d6
6.Bc1g5 Qd8xg5
7.Nb5c7 Kd8
8.Nc7xa8 Ng8f6
9.Nb1d2 Bf8e7
10.f3 Nf6h5
11.Qd1e2 Nh5f4
12.Qe2c4 Nf4xg2
13.Bf1xg2 Qg5xg2
14.O-O-O Bc8e6
15.Qc4b5 Kc8
16.Rd1g1 Qg2f2
17.Nd2c4 Nc6d4
18.Nc4b6 Kb8
19.Nb6d7 Be6xd7
20.Qb5xd7 Qf2xc2
0-1

[Event "Tournoi n27414"]
[Site "www.echecsemail.com"]
[Date "2026.01.22"]
[Round "1"]
[White "Mokanne"]
[Black "Turbo"]
[WhiteElo "1440"]
[BlackElo "1340"]
[Result "1-0"]
1.e4 e5
2.Bf1c4 h6
3.Qd1h5 g6
4.Qh5xe5 Ng8e7
5.Qe5xh8 c6
6.Qh8f6 b5
7.Qf6xf7 1-0

[Event "Tetraktus 103"]
[Site "www.echecsemail.com"]
[Date "2026.01.22"]
[Round "1"]
[White "Alain64"]
[Black "Karkaskat"]
[WhiteElo "2080"]
[BlackElo "2060"]
[Result "0-1"]
1.c4 e5
2.Nb1c3 Ng8f6
3.g3 c6
4.Bf1g2 d6
5.d4 exd4
6.Qd1xd4 Bf8e7
7.Ng1f3 O-O
8.O-O h6
9.Bc1f4 d5
10.cxd5 Nf6xd5
11.Ra1d1 Nd5xf4
12.Qd4xf4 Qd8b6
13.Nc3a4 Qb6b4
14.Qf4xb4 Be7xb4
15.a3 Bb4e7
16.e4 Bc8e6
17.Nf3d4 Rf8d8
18.Nd4xe6 Rd8xd1
19.Rf1xd1 fxe6
20.f4 Kf7
21.Kf2 Nb8a6
22.b4 Na6c7
23.Bg2f1 Ra8d8
24.Rd1xd8 Be7xd8
25.Bf1c4 b5
26.Bc4b3 bxa4
27.Bb3xa4 Nc7b5
28.Ba4b3 Nb5xa3
29.f5 Bd8e7
30.Bb3xe6 Kf6
31.Be6d7 Be7xb4
32.Bd7xc6 Ke5
33.Kf3 Na3c2
34.g4 Nc2d4
{ abandon }0-1